Loading...
| Fine Arts - Classical Music | 3 | 0.00 | 0% | 0% | 0% |
| Fine Arts - Other | 4 | 0.00 | 0% | 0% | 0% |
| Fine Arts - Painting and Sculpture | 4 | 7.50 | 50% | 25% | 0% |
| History - American | 3 | 13.33 | 67% | 33% | 33% |
| History - European | 2 | 15.00 | 100% | 50% | 0% |
| History - Other | 4 | 10.00 | 50% | 50% | 0% |
| History - World | 2 | 0.00 | 0% | 0% | 0% |
| Literature - American | 5 | 10.00 | 80% | 20% | 0% |
| Literature - British | 1 | 0.00 | 0% | 0% | 0% |
| Literature - European | 3 | 10.00 | 100% | 0% | 0% |
| Literature - World | 3 | 10.00 | 67% | 33% | 0% |
| Mythology | 2 | 10.00 | 100% | 0% | 0% |
| Other Academic | 1 | 10.00 | 0% | 100% | 0% |
| Philosophy | 1 | 20.00 | 100% | 100% | 0% |
| Pop Culture | 1 | 0.00 | 0% | 0% | 0% |
| Religion | 4 | 5.00 | 50% | 0% | 0% |
| Science - Biology | 3 | 6.67 | 67% | 0% | 0% |
| Science - Chemistry | 3 | 16.67 | 100% | 67% | 0% |
| Science - Other | 2 | 10.00 | 100% | 0% | 0% |
| Science - Physics | 4 | 5.00 | 50% | 0% | 0% |
| Social Science | 4 | 7.50 | 75% | 0% | 0% |